000 00283nam a22001337a 4500
008 170204b xxu||||| |||| 00| 0 eng d
020 _a9780073545615
041 _aeng
080 _27TH
_a61
100 _a3
101 _aSHM
245 _aTAKIN SIDES
_cDANIEL, E.L
942 _2udc
_cBK
999 _c4676
_d4676